| 000 | 00671cab a2200229 4500 | ||
|---|---|---|---|
| 001 | WB3513-36 | ||
| 008 | 090401t1999 xxu||||| |||| 00| 0 eng d | ||
| 035 | _a(Sirsi) u92620 | ||
| 041 | _aeng | ||
| 245 | _aConsultancy fees hit PFI bids | ||
| 260 | _c1999 | ||
| 350 | _a0 | ||
| 490 |
_aHousing Today _v(127) 1 April 1999, 11(1) |
||
| 520 | _aDelegates at a recent National Housing Federation's finance conference were warned that consultancy fees could hit PFI bids lower than £20m. | ||
| 650 | _aCONSULTANTS FEES | ||
| 650 | _aCOUNCIL HOUSING | ||
| 650 | _aPATHFINDER PROJECTS | ||
| 650 | _aPFI | ||
| 690 | _aHOUSING | ||
| 942 | _n0 | ||
| 948 | _c08/04/1999 | ||
| 999 |
_c58693 _d58693 |
||